| 000 | 00812cam a22002531 4500 | ||
|---|---|---|---|
| 999 |
_c7519 _d7519 |
||
| 001 | 7519 | ||
| 003 | BD-JhCC | ||
| 005 | 20181006121332.0 | ||
| 008 | 711214s1948 ilua 000 0 eng | ||
| 035 | _a(BD-JhCC)7519 | ||
| 035 | _a(OCoLC)182358 | ||
| 040 |
_aDLC _cODaWU _dOCoLC _dDLC _dBD-JhCC |
||
| 041 | _aeng | ||
| 050 | 0 | 0 |
_aLB1525 _b.G675 |
| 082 |
_a372.4 _bGRA 1948 |
||
| 100 | 1 |
_aGray, William S. _q(William Scott), _d1885-1960. |
|
| 245 | 1 | 0 |
_aOn their own in reading : _bhow to give children independence in attacking new words / _c William S. Gray, with the editorial collaboration of Dorothy Horton. |
| 260 |
_aChicago, _bScott, Foresman _c[1948] |
||
| 300 |
_axv, 268 p. _billus. _c22 cm. |
||
| 650 | 0 | _aReading (Elementary) | |
| 700 | 1 | _aHorton, Dorothy, | |
| 942 |
_2ddc _cBK |
||